Animals With Color in their Names - Statistics

General Stats
  • This quiz has been taken 31,669 times
  • The average score is 9 of 16
Answer Stats
Picture Answer % Correct
Great White Shark
96%
Black Bear
92%
Red Panda
92%
Grey Wolf
84%
Blue Whale
81%
Bluejay
64%
Black Mamba
54%
Gray Parrot
44%
Green Iguana
43%
Bluefin Tuna
40%
Blue-footed Booby
39%
White-tailed deer
37%
Great Blue Heron
36%
Golden Eagle
30%
Goldfinch
16%
Yellow Tang
16%
No matching quizzes found
Score Distribution
Percent of People with Each Score
Percentile by Number Answered
Your Score History
You have not taken this quiz